000 00400nam a2200157Ia 4500
008 230524s9999 xx 000 0 und d
082 _a621.32
_bCOL
100 _aRobert E.Collin
245 0 _aFoundations for Microwave Engineering
250 _a2ND
260 _aNEW DELHI
_bJohn Wiley & Sons
_c2005
300 _aXIX;913
500 _aQuantity Number: 7
650 _aElectronics
942 _cBK
999 _c37308
_d37308